Wird geladen...

A Study on Adoption of Online Opening for SB Account with Special Reference To SBI

Bibliographische Detailangaben
1. Verfasser: Jithu T G
Format: Ph.D Thesis
LEADER 00404nam a22001217a 4500
003 OSt
082 |a R-142 JIT/ST 
100 |a Jithu T G 
245 |a A Study on Adoption of Online Opening for SB Account with Special Reference To SBI 
300 |a 88 
942 |2 ddc  |c TH 
999 |c 177223  |d 177223 
952 |0 0  |1 0  |2 ddc  |4 0  |6 R_142_JIT_ST  |7 1  |8 REF  |9 182159  |a KAUCBV  |b KAUCBV  |c REF  |d 2015-01-24  |o R-142 JIT/ST  |r 2015-01-24  |w 2015-01-24  |y TH